Click, clack, moo : (Record no. 481)

MARC details
000 -LEADER
fixed length control field 02440nam a22006137a 4500
005 - DATE AND TIME OF LATEST TRANSACTION
control field 20250725151900.0
020 ## - INTERNATIONAL STANDARD BOOK NUMBER
International Standard Book Number 9781481465403 (hc.)
020 ## - INTERNATIONAL STANDARD BOOK NUMBER
International Standard Book Number 9780439216487
020 ## - INTERNATIONAL STANDARD BOOK NUMBER
International Standard Book Number 1481465406 (hc.)
020 ## - INTERNATIONAL STANDARD BOOK NUMBER
International Standard Book Number 9781481465410 (pbk.)
020 ## - INTERNATIONAL STANDARD BOOK NUMBER
International Standard Book Number 1481465414 (pbk.)
020 ## - INTERNATIONAL STANDARD BOOK NUMBER
International Standard Book Number 9781518236921
Qualifying information (PawPrints)
020 ## - INTERNATIONAL STANDARD BOOK NUMBER
International Standard Book Number 1518236928
Qualifying information (PawPrints)
020 ## - INTERNATIONAL STANDARD BOOK NUMBER
International Standard Book Number 9780606397513
Qualifying information (Turtleback bdg.)
020 ## - INTERNATIONAL STANDARD BOOK NUMBER
International Standard Book Number 0606397515
Qualifying information (Turtleback bdg.)
020 ## - INTERNATIONAL STANDARD BOOK NUMBER
International Standard Book Number 9780605966642
Qualifying information (Perma-Bound ed.)
020 ## - INTERNATIONAL STANDARD BOOK NUMBER
International Standard Book Number 0605966648
Qualifying information (Perma-Bound ed.)
020 ## - INTERNATIONAL STANDARD BOOK NUMBER
Canceled/invalid ISBN 9781481465427
Qualifying information (eBook)
040 ## - CATALOGING SOURCE
Original cataloging agency YDXCP
Language of cataloging eng
Transcribing agency YDXCP
Modifying agency OCLCQ
-- NYP
-- IUK
Description conventions rda
Modifying agency ZQP
-- DAD
-- ILC
-- OCLCO
-- ILC
-- DLC
-- FISKH
050 00 - LIBRARY OF CONGRESS CALL NUMBER
Classification number PZ7.C88135
Item number Cl 2016
082 04 - DEWEY DECIMAL CLASSIFICATION NUMBER
Classification number 813.56
Edition number 23
100 1# - MAIN ENTRY--PERSONAL NAME
Personal name Cronin, Doreen,
Relator term author.
245 10 - TITLE STATEMENT
Title Click, clack, moo :
Remainder of title cows that type /
Statement of responsibility, etc. by Doreen Cronin ; pictures by Betsy Lewin.
246 30 - VARYING FORM OF TITLE
Title proper/short title Cows that type
260 ## - PUBLICATION, DISTRIBUTION, ETC.
Place of publication, distribution, etc. New York :
Name of publisher, distributor, etc. Scholastic,
Date of publication, distribution, etc. 2000.
300 ## - PHYSICAL DESCRIPTION
Extent 32 unnumbered pages :
Other physical details color illustrations ;
Dimensions 24 cm.
490 1# - SERIES STATEMENT
Series statement Ready-to-read. Level 2, Superstar reader!
500 ## - GENERAL NOTE
General note Originally published as a picture book in 2000 by Simon & Schuster Books for Young Readers. This edition is published in a leveled easy-ready format.
500 ## - GENERAL NOTE
General note Art techniques used: Bold, fun cartoon illustrations in watercolor.
505 ## - FORMATTED CONTENTS NOTE
Formatted contents note J
520 ## - SUMMARY, ETC.
Summary, etc. When Farmer Brown's cows find a typewriter in the barn they start making demands, and go on strike when the farmer refuses to give them what they want.
521 ## - TARGET AUDIENCE NOTE
Target audience note 470 <br/>
Source Lexile
521 ## - TARGET AUDIENCE NOTE
Target audience note J<br/>
Source Raz-Plus
650 #0 - SUBJECT ADDED ENTRY--TOPICAL TERM
Topical term or geographic name entry element Cows
Form subdivision Juvenile fiction.
650 #0 - SUBJECT ADDED ENTRY--TOPICAL TERM
Topical term or geographic name entry element Domestic animals
Form subdivision Juvenile fiction.
650 #0 - SUBJECT ADDED ENTRY--TOPICAL TERM
Topical term or geographic name entry element Typewriters
Form subdivision Juvenile fiction.
650 #0 - SUBJECT ADDED ENTRY--TOPICAL TERM
Topical term or geographic name entry element Animal rights
Form subdivision Juvenile fiction.
650 #0 - SUBJECT ADDED ENTRY--TOPICAL TERM
Topical term or geographic name entry element Farmers
Form subdivision Juvenile fiction.
650 #0 - SUBJECT ADDED ENTRY--TOPICAL TERM
Topical term or geographic name entry element Readers (Primary)
650 #1 - SUBJECT ADDED ENTRY--TOPICAL TERM
Topical term or geographic name entry element Readers.
650 #1 - SUBJECT ADDED ENTRY--TOPICAL TERM
Topical term or geographic name entry element Cows
Form subdivision Fiction.
650 #1 - SUBJECT ADDED ENTRY--TOPICAL TERM
Topical term or geographic name entry element Domestic animals
Form subdivision Fiction.
650 #1 - SUBJECT ADDED ENTRY--TOPICAL TERM
Topical term or geographic name entry element Typewriters
Form subdivision Fiction.
650 #7 - SUBJECT ADDED ENTRY--TOPICAL TERM
Topical term or geographic name entry element Animal rights.
Source of heading or term fast
Authority record control number or standard number (OCoLC)fst00809364
650 #7 - SUBJECT ADDED ENTRY--TOPICAL TERM
Topical term or geographic name entry element Cows.
Source of heading or term fast
Authority record control number or standard number (OCoLC)fst00882039
650 #7 - SUBJECT ADDED ENTRY--TOPICAL TERM
Topical term or geographic name entry element Domestic animals.
Source of heading or term fast
Authority record control number or standard number (OCoLC)fst00896543
650 #7 - SUBJECT ADDED ENTRY--TOPICAL TERM
Topical term or geographic name entry element Typewriters.
Source of heading or term fast
Authority record control number or standard number (OCoLC)fst01159984
655 #7 - INDEX TERM--GENRE/FORM
Genre/form data or focus term Fiction.
Source of term fast
Authority record control number or standard number (OCoLC)fst01423787
655 #7 - INDEX TERM--GENRE/FORM
Genre/form data or focus term Juvenile works.
Source of term fast
Authority record control number or standard number (OCoLC)fst01411637
700 1# - ADDED ENTRY--PERSONAL NAME
Personal name Lewin, Betsy,
Relator term illustrator.
906 ## - LOCAL DATA ELEMENT F, LDF (RLIN)
a 7
b cbc
c copycat
d 2
e ncip
f 20
g y-gencatlg
942 ## - ADDED ENTRY ELEMENTS (KOHA)
Source of classification or shelving scheme Dewey Decimal Classification
Koha item type Books
Suppress in OPAC No
999 ## -
-- 481
-- 481
Holdings
Withdrawn status Lost status Source of classification or shelving scheme Damaged status Not for loan Collection Home library Current library Shelving location Date acquired Total Checkouts Full call number Barcode Date last seen Date last checked out Copy number Price effective from Koha item type
    Dewey Decimal Classification     Juvenile Fiction Footprints International School Library Network Toul Kork Campus Footprints International School Library Network Toul Kork Campus TK Primary Library Room(4th Floor), Bookcase 1&2, Shelves 1-16, Dark Blue Books 04/28/2023 4 CRO 813.56 PZ7.C88135 FISBK05454 10/23/2025 10/16/2025 1 04/28/2023 Books
    Dewey Decimal Classification     Juvenile Fiction Footprints International School Library Network Toul Kork Campus Footprints International School Library Network Toul Kork Campus TK Primary Library Room(4th Floor), Bookcase 1&2, Shelves 1-16, Dark Blue Books 04/28/2023 2 CRO 813.56 PZ7.C88135 FISBK05452 03/28/2024 03/21/2024 2 04/28/2023 Books
    Dewey Decimal Classification     Juvenile Fiction Footprints International School Library Network Toul Kork Campus Footprints International School Library Network Toul Kork Campus TK Primary Library Room(4th Floor), Bookcase 1&2, Shelves 1-16, Dark Blue Books 04/28/2023 3 CRO 813.56 PZ7.C88135 FISTK01867 01/30/2025 08/06/2024 3 04/28/2023 Books
    Dewey Decimal Classification     Juvenile Fiction Footprints International School Library Network Toul Kork Campus Footprints International School Library Network Toul Kork Campus TK Primary Library Room(4th Floor), Bookcase 1&2, Shelves 1-16, Dark Blue Books 04/28/2023 4 CRO 813.56 PZ7.C88135 FISTK04182 03/26/2026 03/19/2026 4 04/28/2023 Books
    Dewey Decimal Classification     Juvenile Fiction Footprints International School Library Network Toul Kork Campus Footprints International School Library Network Toul Kork Campus TK Primary Library Room(4th Floor), Bookcase 1&2, Shelves 1-16, Dark Blue Books 04/28/2023 2 CRO 813.56 PZ7.C88135 FISTK03988 11/13/2025 10/23/2025 5 04/28/2023 Books
    Dewey Decimal Classification     Juvenile Fiction Footprints International School Library Network Toul Kork Campus Footprints International School Library Network Toul Kork Campus TK Primary Library Room(4th Floor), Bookcase 1&2, Shelves 1-16, Dark Blue Books 05/02/2025   CRO 813.56 PZ7.C88135 2025-1135 05/02/2025   6 05/02/2025 Books
    Dewey Decimal Classification     Juvenile Fiction Footprints International School Library Network Toul Tom Poung Campus Footprints International School Library Network Toul Tom Poung Campus TTP Primary Dark Blue Bookshelves 07/25/2025   CRO 813.56 PZ7.C88135 FISTK04183 07/25/2025   7 07/25/2025 Books